[Event "October Lviv Tradition"]
[Site "Lviv"]
[Date "2018.10.27"]
[Round "6.2"]
[White "Tokranovs, Dmitrijs"]
[Black "Fiedorek, Michal"]
[Result "1-0"]
[WhiteElo "2332"]
[BlackElo "2128"]
[PlyCount "129"]
[EventDate "2018.??.??"]

1. e4 c5 2. c3 Nf6 3. e5 Nd5 4. Bc4 e6 5. Nf3 Nc6 6. d4 cxd4 7. cxd4 d6 8. O-O
Be7 9. a3 O-O 10. Re1 Bd7 11. Nbd2 Rc8 12. exd6 Bxd6 13. Ne4 Be7 14. Ba2 Qc7
15. Qd3 Nf4 16. Bxf4 Qxf4 17. Rad1 Rfd8 18. Bb1 g6 19. g3 Qh6 20. b4 Be8 21.
Qb3 Qg7 22. Qe3 a5 23. b5 Nb8 24. Qb3 Nd7 25. Rc1 b6 26. Rc6 a4 27. Qc3 Rxc6
28. bxc6 Nf6 29. Nxf6+ Qxf6 30. Be4 Rc8 31. Rb1 Bd8 32. Rb4 Qe7 33. Ne5 f6 34.
Nd3 Qd6 35. Rxa4 b5 36. Ra6 Be7 37. Nb4 f5 38. Bg2 Bf6 39. Nc2 e5 40. Qb3+ Bf7
41. d5 e4 42. Nb4 Qc5 43. Qd1 Bd4 44. Kh1 Bxd5 45. g4 f4 46. g5 Be6 47. Bxe4
Bxf2 48. c7 Bh3 49. Qd8+ Qf8 50. Rd6 Bc5 51. Bd5+ Kg7 52. Qf6+ Qxf6 53. gxf6+
Kh6 54. Rc6 Bd4 55. Nd3 g5 56. f7+ Kg7 57. Nc5 Bxc5 58. Rxc5 f3 59. Kg1 Bd7 60.
Bb7 Rf8 61. c8=Q f2+ 62. Kf1 Rxf7 63. Rxg5+ Kh6 64. Qc5 Bh3+ 65. Bg2 1-0

[Event "October Lviv Tradition"]
[Site "Lviv"]
[Date "2018.10.27"]
[Round "6.3"]
[White "Bondarets, Vadim"]
[Black "Nester, Ihor"]
[Result "1/2-1/2"]
[WhiteElo "2246"]
[BlackElo "2329"]
[PlyCount "60"]
[EventDate "2018.??.??"]

1. d4 Nf6 2. c4 e6 3. Nf3 b6 4. Nc3 Bb7 5. g3 Be7 6. Bg2 O-O 7. O-O Ne4 8. Nxe4
Bxe4 9. Ne1 Bxg2 10. Nxg2 d5 11. Qc2 c5 12. dxc5 Bxc5 13. cxd5 Qxd5 14. Rd1 Qb7
15. Be3 Nd7 16. Bxc5 Nxc5 17. b4 Ne4 18. Rd4 Nf6 19. Ne3 Rac8 20. Qb2 Rfd8 21.
Rad1 Rxd4 22. Qxd4 h6 23. a3 Qc6 24. Qd3 Qa4 25. Kg2 Qc6+ 26. Kg1 Qa4 27. Kg2
Qc6+ 28. Kg1 Qa4 29. Kg2 Qc6+ 30. Kg1 Qa4 $11 1/2-1/2

[Event "October Lviv Tradition"]
[Site "Lviv"]
[Date "2018.10.27"]
[Round "6.4"]
[White "Mosesov, Danylo"]
[Black "Shkuran, Danylo"]
[Result "1/2-1/2"]
[WhiteElo "2284"]
[BlackElo "2371"]
[PlyCount "141"]
[EventDate "2018.??.??"]

1. e4 c5 2. Nf3 e6 3. d4 cxd4 4. Nxd4 a6 5. Bd3 Qc7 6. O-O Nf6 7. Qe2 d6 8. c4
Be7 9. Nc3 O-O 10. f4 Nbd7 11. Kh1 b6 12. Bd2 Bb7 13. Rae1 Rad8 14. Nf3 g6 15.
Ng5 Rfe8 16. Qf2 Kg7 17. Qg3 Nc5 18. Bc2 Nh5 19. Qh3 Bxg5 20. fxg5 e5 21. Nd5
Bxd5 22. exd5 Kg8 23. Qh4 Nd7 24. Bb1 Qc5 25. Be3 Qb4 26. Qf2 Rf8 27. Qe2 Rc8
28. Rc1 Nf4 29. Bxf4 exf4 30. Rxf4 $11 Rfe8 31. Qf2 Ne5 32. a3 Qb3 33. Rf1 Re7
34. Rf6 Ng4 35. Qf4 Ne5 36. Rxd6 Qxc4 37. Qxc4 Nxc4 38. Rc6 Rxc6 39. dxc6 Rc7
40. Rf6 Kf8 41. Kg1 b5 42. Ba2 Ne5 43. Bd5 Ke7 44. Kf1 h6 45. h4 hxg5 46. hxg5
Kd8 47. Ke2 Re7 48. Kd2 Kc7 49. Kc3 Kb6 50. Kd4 a5 51. b3 Re8 52. Bxf7 Nxf7 53.
c7+ Kxc7 54. Rxf7+ Kb6 55. Rf6+ Kb7 56. Rxg6 Re2 57. Kc5 Re5+ 58. Kd4 Rf5 59.
b4 axb4 60. axb4 Rf4+ 61. Kc5 Rf5+ 62. Kd6 Rf4 63. Rg7+ Kb6 64. Rg8 Rxb4 65. g6
Rg4 66. g7 Kb7 67. Kc5 b4 68. Rd8 Rxg7 69. Rd2 Rg4 70. Kd6 Kb6 71. Ke5 $11
1/2-1/2

[Event "October Lviv Tradition"]
[Site "Lviv"]
[Date "2018.10.27"]
[Round "6.5"]
[White "Kyrychenko, Maryan"]
[Black "Czerw, Dawid"]
[Result "1-0"]
[WhiteElo "2236"]
[BlackElo "2286"]
[PlyCount "87"]
[EventDate "2018.??.??"]

1. e4 c5 2. Nf3 Nc6 3. d4 cxd4 4. Nxd4 g6 5. c4 Nf6 6. Nc3 Nxd4 7. Qxd4 d6 8.
Bg5 Bg7 9. Be2 O-O 10. Qd2 Be6 11. O-O Qa5 12. Rad1 Rfc8 13. b3 a6 14. Bxf6
exf6 15. Nd5 Qxd2 16. Rxd2 Bxd5 17. Rxd5 Bf8 18. Rfd1 Rc7 19. f4 Rac8 20. Kf2
Rc5 21. Ke3 a5 22. a3 Rxd5 23. Rxd5 Rc5 24. Kd4 Be7 25. b4 axb4 26. axb4 Rc7
27. Ra5 d5 28. exd5 Bxb4 29. Rb5 Bd6 30. c5 Bxf4 31. d6 Rd7 32. Kd5 Bxh2 33.
Rb6 h5 34. Bb5 Rd8 35. Rxb7 h4 36. Rd7 Rb8 37. Kc4 Kg7 38. c6 Rc8 39. Kd5 g5
40. c7 g4 41. Ba6 h3 42. gxh3 gxh3 43. Bxc8 Bxd6 44. Kxd6 1-0

[Event "October Lviv Tradition"]
[Site "Lviv"]
[Date "2018.10.27"]
[Round "7.1"]
[White "Czerw, Dawid"]
[Black "Voloshynskyi, Liubomyr"]
[Result "1/2-1/2"]
[WhiteElo "2286"]
[BlackElo "2103"]
[PlyCount "105"]
[EventDate "2018.??.??"]

1. d4 Nf6 2. c4 g6 3. Nc3 d5 4. Bg5 Bg7 5. Bxf6 Bxf6 6. cxd5 c5 7. dxc5 O-O 8.
e4 Qa5 9. Qd2 Qxc5 10. Rc1 Qa5 11. Bc4 Nd7 12. Nge2 Qb4 13. Nd1 Qb6 14. O-O Ne5
15. Bb3 Bd7 16. Nec3 Rac8 17. Ne3 Bg5 18. Rce1 Bh6 19. f4 Nc4 20. Qf2 Na5 21.
Ned1 Qb4 22. Bc2 Nc4 23. a3 Qa5 24. Bd3 Bg7 25. e5 f6 26. Bxc4 Rxc4 27. Ne3
Rcc8 28. e6 Bb5 29. Nxb5 Qxb5 30. f5 Bh6 31. d6 Bxe3 32. Rxe3 exd6 33. fxg6
hxg6 34. Qg3 Qg5 35. Qf3 Rc2 36. h4 Qxh4 37. Qxb7 Qd4 38. Qe4 Qxe4 39. Rxe4 f5
40. Rd4 Rxb2 41. Rxd6 Re2 42. e7 Rxe7 43. Rxg6+ Rg7 44. Ra6 Rff7 45. Rf4 Rg5
46. Kf1 Rc7 47. Rf2 Kf8 48. Ra5 Rf7 49. Rf4 Ke8 50. Rb4 Rc7 51. Rb2 Kf7 52. Kf2
Kg6 53. Rd2 $11 1/2-1/2

[Event "October Lviv Tradition"]
[Site "Lviv"]
[Date "2018.10.27"]
[Round "7.2"]
[White "Shkuran, Danylo"]
[Black "Kyrychenko, Maryan"]
[Result "1/2-1/2"]
[WhiteElo "2371"]
[BlackElo "2236"]
[PlyCount "92"]
[EventDate "2018.??.??"]

1. e4 c5 2. c3 d5 3. exd5 Qxd5 4. d4 g6 5. Nf3 Bg7 6. Be3 cxd4 7. cxd4 Nf6 8.
Nc3 Qa5 9. Bc4 O-O 10. O-O Bf5 11. Re1 Nbd7 12. Bb3 Rae8 13. h3 e5 14. Bd2 exd4
15. Rxe8 Rxe8 16. Nxd4 Qe5 17. Be3 Nc5 18. Nf3 Qe7 19. Bxc5 Qxc5 20. Ng5 Be6
21. Nxe6 fxe6 22. Qe2 Kh8 23. Rd1 e5 24. Qb5 Qc8 25. Qa5 a6 26. Rd6 e4 27. Bf7
Rf8 28. Be6 Qb8 29. Qb6 Ne8 30. Rd7 Qf4 31. Qe3 Qe5 32. Qxe4 Qc5 33. Qe3 Qc6
34. Rd2 Nd6 35. Bd5 Qc7 36. Qg3 Qc5 37. Qe3 Qc7 38. Qg3 Qc5 39. Bf3 Nf5 40. Qg4
Re8 41. Re2 Rd8 42. Qg5 Qc7 43. Nd5 Qd6 44. Re6 Qd7 45. Be4 Bh6 46. Qf6+ Bg7
1/2-1/2

[Event "October Lviv Tradition"]
[Site "Lviv"]
[Date "2018.10.27"]
[Round "7.3"]
[White "Nester, Ihor"]
[Black "Mosesov, Danylo"]
[Result "1/2-1/2"]
[WhiteElo "2329"]
[BlackElo "2284"]
[PlyCount "62"]
[EventDate "2018.??.??"]

1. Nf3 Nf6 2. c4 b6 3. g3 Bb7 4. Bg2 e6 5. O-O Be7 6. d4 O-O 7. Re1 d5 8. cxd5
exd5 9. Nc3 Nbd7 10. Bf4 c5 11. dxc5 Nxc5 12. Rc1 Nfe4 13. Be5 Rc8 14. Bh3 Nxc3
15. Rxc3 Rc6 16. Nd4 Rh6 17. Bg2 Bf6 18. Bxf6 Rxf6 19. Rf3 Rxf3 20. Bxf3 Qf6
21. Qd2 h6 22. Rd1 Rd8 23. Qf4 Qxf4 24. gxf4 Ne6 25. e3 Kf8 26. Nf5 Rd7 27. h4
g6 28. Nd4 Rc7 29. Kf1 Nxd4 30. Rxd4 Rc2 31. Rb4 Ke7 $11 1/2-1/2

[Event "October Lviv Tradition"]
[Site "Lviv"]
[Date "2018.10.27"]
[Round "7.4"]
[White "Fiedorek, Michal"]
[Black "Bondarets, Vadim"]
[Result "1/2-1/2"]
[WhiteElo "2128"]
[BlackElo "2246"]
[PlyCount "60"]
[EventDate "2018.??.??"]

1. e4 d6 2. d4 Nf6 3. Nc3 g6 4. Be3 c6 5. Qd2 Ng4 6. Bg5 h6 7. Bh4 Bg7 8. f3
Nf6 9. O-O-O Qa5 10. Kb1 Be6 11. g4 Na6 12. Bxf6 Bxf6 13. Nd5 Qxd2 14. Nxf6+
exf6 15. Rxd2 Nc7 16. h4 f5 17. Rg2 fxe4 18. fxe4 Ke7 19. g5 hxg5 20. Rxg5 Rh6
21. Nf3 f6 22. Rg3 g5 23. e5 dxe5 24. dxe5 g4 25. exf6+ Kxf6 26. Ng5 Rd8 27.
Bd3 Rdh8 28. Rf1+ Ke7 29. Nxe6 Nxe6 30. Rxg4 Rxh4 $11 1/2-1/2

[Event "October Lviv Tradition"]
[Site "Lviv"]
[Date "2018.10.27"]
[Round "7.5"]
[White "Karpus, Michal"]
[Black "Tokranovs, Dmitrijs"]
[Result "1-0"]
[WhiteElo "2372"]
[BlackElo "2332"]
[PlyCount "77"]
[EventDate "2018.??.??"]

1. e4 d5 2. exd5 Qxd5 3. Nc3 Qa5 4. d4 Nf6 5. Nf3 Bg4 6. Bc4 e6 7. Bd2 c6 8. h3
Bxf3 9. Qxf3 Nbd7 10. Qg3 Nh5 11. Qf3 Nhf6 12. O-O-O Qc7 13. g4 Nb6 14. Bb3 Bd6
15. Kb1 a5 16. Na4 Nxa4 17. Bxa4 Nd5 18. c3 b5 19. Bc2 Bf4 20. Be3 a4 21. a3
Bd6 22. h4 Qe7 23. Bc1 Qc7 24. g5 Bf4 25. Be3 O-O-O 26. c4 bxc4 27. Bxa4 Bd6
28. Bd2 Qb6 29. Rc1 Qxd4 30. Rhd1 Be5 31. Rc2 Qb6 32. Qe2 f6 33. Qxc4 Rd6 34.
Bc1 Ne3 35. Bxe3 Rxd1+ 36. Ka2 Bd4 37. Qxe6+ Kb8 38. Qd6+ Ka7 39. Qd7+ 1-0

[Event "October Lviv Tradition"]
[Site "Lviv"]
[Date "2018.10.28"]
[Round "8.1"]
[White "Voloshynskyi, Liubomyr"]
[Black "Tokranovs, Dmitrijs"]
[Result "1-0"]
[WhiteElo "2103"]
[BlackElo "2332"]
[PlyCount "55"]
[EventDate "2018.??.??"]

1. e4 c5 2. Nf3 d6 3. d4 cxd4 4. Nxd4 Nf6 5. Nc3 a6 6. Bg5 e6 7. f4 h6 8. Bh4
Qb6 9. Qd2 Qxb2 10. Rb1 Qa3 11. f5 Be7 12. fxe6 fxe6 13. Bc4 d5 14. exd5 Nxd5
15. Bxe7 Qxc3 16. Bxd5 Qxd2+ 17. Kxd2 exd5 18. Rbe1 Nc6 19. Nxc6 bxc6 20. Rhf1
c5 21. Bxc5+ Kd7 22. Re7+ Kc6 23. Bd4 Rg8 24. Rff7 Rb8 25. Rc7+ Kd6 26. Rfe7
Be6 27. Bc5+ Ke5 28. Rc6 1-0

[Event "October Lviv Tradition"]
[Site "Lviv"]
[Date "2018.10.28"]
[Round "8.2"]
[White "Bondarets, Vadim"]
[Black "Karpus, Michal"]
[Result "1/2-1/2"]
[WhiteElo "2246"]
[BlackElo "2372"]
[PlyCount "72"]
[EventDate "2018.??.??"]

1. c4 g6 2. d4 Nf6 3. Nf3 Bg7 4. g3 O-O 5. Bg2 d5 6. cxd5 Nxd5 7. O-O Nb6 8.
Nc3 Nc6 9. d5 Bxc3 10. dxc6 Bg7 11. Qc2 bxc6 12. Rd1 Bf5 13. Qb3 Qe8 14. Nd4
Bd7 15. Qc2 Bxd4 16. Rxd4 e5 17. Rxd7 Qxd7 18. Bxc6 Qg4 19. Bf3 Qb4 20. Bxa8
Rxa8 21. Bh6 c5 22. b3 Nd5 23. Rd1 Nf6 24. h3 Rc8 25. Rd6 Ne4 26. Rd1 Nf6 27.
Kh2 a5 28. f3 a4 29. Kg2 axb3 30. axb3 Nh5 31. Qd3 Qb8 32. Qd7 Ng7 33. g4 Re8
34. Rd6 Ne6 35. Rb6 Qd8 36. Qxd8 Rxd8 $11 1/2-1/2

[Event "October Lviv Tradition"]
[Site "Lviv"]
[Date "2018.10.28"]
[Round "8.3"]
[White "Mosesov, Danylo"]
[Black "Fiedorek, Michal"]
[Result "1-0"]
[WhiteElo "2284"]
[BlackElo "2128"]
[PlyCount "55"]
[EventDate "2018.??.??"]

1. e4 c5 2. Nf3 d6 3. d4 cxd4 4. Nxd4 Nf6 5. Nc3 Nc6 6. Bg5 e6 7. Qd3 a6 8.
O-O-O Bd7 9. f4 b5 10. Kb1 b4 11. Nce2 Qb6 12. Bxf6 gxf6 13. Nxc6 Bxc6 14. Nd4
Bd7 15. Be2 h5 16. Rhf1 Ra7 17. Qf3 a5 18. e5 dxe5 19. fxe5 f5 20. Rd3 a4 21.
Rfd1 Qc5 22. Qg3 Rc7 23. c3 h4 24. Qf3 a3 25. cxb4 Qxb4 26. Rxa3 Rc8 27. Ra7
Ba4 28. Rxa4 1-0

[Event "October Lviv Tradition"]
[Site "Lviv"]
[Date "2018.10.28"]
[Round "8.4"]
[White "Kyrychenko, Maryan"]
[Black "Nester, Ihor"]
[Result "1/2-1/2"]
[WhiteElo "2236"]
[BlackElo "2329"]
[PlyCount "77"]
[EventDate "2018.??.??"]

1. Nf3 f5 2. d4 Nf6 3. Bf4 g6 4. Nc3 Bg7 5. e3 d6 6. h4 e6 7. Bc4 Qe7 8. Qe2
Nbd7 9. Bg5 h6 10. Bxf6 Nxf6 11. O-O-O Bd7 12. Nd2 d5 13. Bb3 a6 14. f3 Nh5 15.
Nf1 c5 16. dxc5 Bxc3 17. bxc3 a5 18. a4 Qxc5 19. Qd3 Rc8 20. Kb2 b5 21. axb5
Bxb5 22. Qd4 Qxd4 23. Rxd4 Ke7 24. Nd2 Ng3 25. Ra1 Ne2 26. Rxa5 Nxd4 27. cxd4
Be2 28. Ra7+ Kd6 29. e4 fxe4 30. fxe4 Ra8 31. Rg7 Rhg8 32. Rxg8 Rxg8 33. exd5
exd5 34. Ne4+ Kc6 35. Bxd5+ Kxd5 36. Nf6+ Ke6 37. Nxg8 Kf7 38. Nxh6+ Kg7 39.
Nf5+ $11 1/2-1/2

[Event "October Lviv Tradition"]
[Site "Lviv"]
[Date "2018.10.28"]
[Round "8.5"]
[White "Czerw, Dawid"]
[Black "Shkuran, Danylo"]
[Result "1/2-1/2"]
[WhiteElo "2286"]
[BlackElo "2371"]
[PlyCount "60"]
[EventDate "2018.??.??"]

1. d4 d5 2. c4 c6 3. Nf3 Nf6 4. Nc3 e6 5. Bg5 h6 6. Bh4 Be7 7. e3 O-O 8. Bd3 b6
9. O-O Bb7 10. Qe2 Nbd7 11. Rad1 Re8 12. cxd5 cxd5 13. Rc1 a6 14. Na4 Qb8 15.
Rc2 Qa7 16. Rfc1 Bd6 17. Bg3 Bxg3 18. hxg3 Rec8 19. Qd2 Rxc2 20. Rxc2 Rc8 21.
Qc1 Rxc2 22. Qxc2 Qb8 23. a3 Kf8 24. Kf1 Qc8 25. Qxc8+ Bxc8 26. Ke2 Ke7 27. Nd2
Bb7 28. f3 Kd6 29. Nb3 Bc6 30. Nc3 a5 $11 1/2-1/2

[Event "October Lviv Tradition"]
[Site "Lviv"]
[Date "2018.10.29"]
[Round "9.1"]
[White "Shkuran, Danylo"]
[Black "Voloshynskyi, Liubomyr"]
[Result "1/2-1/2"]
[WhiteElo "2371"]
[BlackElo "2103"]
[PlyCount "62"]
[EventDate "2018.??.??"]

1. Nf3 Nf6 2. g3 g6 3. Bg2 Bg7 4. O-O O-O 5. c4 d5 6. cxd5 Nxd5 7. d4 Nc6 8. e4
Nb6 9. d5 Na5 10. Qd2 Nac4 11. Qc2 c6 12. dxc6 Qc7 13. Nc3 Qxc6 14. Nd5 Nxd5
15. exd5 Qb5 16. a4 Qb4 17. Qe4 Bf5 18. Qh4 a5 19. Bh6 Bxh6 20. Qxh6 Qxb2 21.
Qh4 Nb6 22. g4 Bc2 23. Rae1 Bd3 24. Ng5 Qg7 25. Rxe7 Bxf1 26. Bxf1 Nxd5 27. Ne6
Qf6 28. Qxf6 Nxf6 29. Nxf8 Kxf8 30. Rxb7 Nxg4 31. Bc4 Ne5 $11 1/2-1/2

[Event "October Lviv Tradition"]
[Site "Lviv"]
[Date "2018.10.29"]
[Round "9.2"]
[White "Nester, Ihor"]
[Black "Czerw, Dawid"]
[Result "1-0"]
[WhiteElo "2329"]
[BlackElo "2286"]
[PlyCount "121"]
[EventDate "2018.??.??"]

1. Nf3 e6 2. c4 f5 3. g3 Nf6 4. Bg2 Be7 5. O-O O-O 6. b3 d6 7. d4 Ne4 8. Bb2
Bf6 9. Nbd2 Nxd2 10. Qxd2 Nc6 11. d5 exd5 12. Bxf6 Rxf6 13. cxd5 Ne5 14. Nd4 f4
15. Rac1 fxg3 16. hxg3 Bd7 17. Qb4 Rb8 18. Qa5 c5 19. Qxd8+ Rxd8 20. Ne6 Rc8
21. f4 Ng4 22. Rc3 b5 23. Bh3 Bxe6 24. dxe6 h5 25. Bxg4 hxg4 26. f5 d5 27. Rd3
d4 28. b4 g6 29. bxc5 gxf5 30. Rxd4 Kf8 31. Rd5 Ke7 32. Rdxf5 Rxf5 33. Rxf5
Kxe6 34. Rg5 Kf6 35. Rd5 Ke6 36. e4 Rc6 37. Rh5 Kd7 38. Rd5+ Ke6 39. Kf2 Ra6
40. Ke3 Rxa2 41. c6 Rc2 42. Rxb5 Rxc6 43. Ra5 a6 44. Kf4 Kf6 45. Kxg4 Kg6 46.
Kf4 Kf6 47. g4 Rb6 48. g5+ Kg6 49. Ra1 Kg7 50. Kf5 Rb5+ 51. e5 Rb2 52. Rxa6
Rf2+ 53. Ke4 Re2+ 54. Kd5 Rd2+ 55. Ke6 Rg2 56. Kd7 Rxg5 57. e6 Rd5+ 58. Rd6 Re5
59. Rd1 Ra5 60. e7 Ra7+ 61. Ke6 1-0

[Event "October Lviv Tradition"]
[Site "Lviv"]
[Date "2018.10.29"]
[Round "9.3"]
[White "Fiedorek, Michal"]
[Black "Kyrychenko, Maryan"]
[Result "1-0"]
[WhiteElo "2128"]
[BlackElo "2236"]
[PlyCount "121"]
[EventDate "2018.??.??"]

1. e4 c5 2. Nf3 d6 3. d4 cxd4 4. Nxd4 Nf6 5. Nc3 a6 6. Be2 e5 7. Nb3 h6 8. Be3
Be6 9. Qd3 Nc6 10. a3 d5 11. exd5 Nxd5 12. Bf3 Nxe3 13. Bxc6+ bxc6 14. Qxe3 Qc7
15. O-O Be7 16. Rfe1 f6 17. f4 Bxb3 18. cxb3 exf4 19. Qe6 Rd8 20. Rad1 Kf8 21.
Rxd8+ Qxd8 22. Qxc6 g5 23. Nd5 Bd6 24. Re6 Be5 25. Re7 Qxe7 26. Nxe7 Kxe7 27.
Qb7+ Ke6 28. Qxa6+ Kf7 29. Qb7+ Kg6 30. Qe4+ Kf7 31. Qd5+ Ke7 32. Qb7+ Ke6 33.
Qc6+ Ke7 34. Qc5+ Ke6 35. Qc4+ Ke7 36. Kf1 Rd8 37. Ke2 Bxb2 38. a4 Bd4 39. a5
Be3 40. Qb4+ Ke6 41. a6 Rd7 42. Qc3 Bd4 43. Qc4+ Ke7 44. b4 Be3 45. Qc2 h5 46.
b5 g4 47. Qe4+ Kf7 48. Qc4+ Ke7 49. Qb4+ Rd6 50. Qa3 Ba7 51. Qc3 Bb6 52. Qc2
Rd5 53. Qc6 Re5+ 54. Kf1 Ba5 55. Qb7+ Ke6 56. Qc6+ Ke7 57. a7 g3 58. hxg3 fxg3
59. Qc1 Rf5+ 60. Ke2 Re5+ 61. Kf3 1-0

[Event "October Lviv Tradition"]
[Site "Lviv"]
[Date "2018.10.29"]
[Round "9.4"]
[White "Karpus, Michal"]
[Black "Mosesov, Danylo"]
[Result "1/2-1/2"]
[WhiteElo "2372"]
[BlackElo "2284"]
[PlyCount "66"]
[EventDate "2018.??.??"]

1. e4 e5 2. Nf3 Nf6 3. Nxe5 d6 4. Nf3 Nxe4 5. d4 d5 6. Bd3 Nc6 7. O-O Be7 8. c4
Nb4 9. Be2 O-O 10. Nc3 Bf5 11. a3 Nxc3 12. bxc3 Nc6 13. Bf4 dxc4 14. Bxc4 Bd6
15. Bg5 Be7 16. Be3 Bf6 17. h3 h6 18. Ba2 Ne7 19. Qb3 Qd6 20. Rad1 Qb6 21. Qa4
a6 22. c4 Qb2 23. Bb1 b5 24. Qa5 Bxb1 25. Rxb1 Qe2 26. Rbc1 bxc4 27. Rfd1 c3
28. Ne5 Rfd8 29. Qxc3 Nd5 30. Qd2 Qxd2 31. Bxd2 Rd6 32. Ba5 Nf4 33. Kf1 Ne6 $11
1/2-1/2

[Event "October Lviv Tradition"]
[Site "Lviv"]
[Date "2018.10.29"]
[Round "9.5"]
[White "Tokranovs, Dmitrijs"]
[Black "Bondarets, Vadim"]
[Result "1-0"]
[WhiteElo "2332"]
[BlackElo "2246"]
[PlyCount "77"]
[EventDate "2018.??.??"]

1. e4 e5 2. Nf3 Nf6 3. d4 Nxe4 4. Bd3 d5 5. Nxe5 Be7 6. O-O O-O 7. c4 c6 8. Qc2
Nf6 9. c5 Re8 10. h3 Nbd7 11. f4 Ne4 12. Nc3 Ndf6 13. Be3 Nxc3 14. Qxc3 Ne4 15.
Qc2 f6 16. Nf3 Bf8 17. Rfe1 Qc7 18. b4 Bd7 19. Nd2 Bf5 20. a4 a6 21. b5 axb5
22. axb5 Rxa1 23. Rxa1 Bg6 24. b6 Qf7 25. Nf1 Qd7 26. Ra7 Qc8 27. Qb3 Bf5 28.
Qa3 Re7 29. Ra8 Qe6 30. g4 Bxg4 31. Bxe4 Bxh3 32. Bg2 Bxg2 33. Kxg2 Qe4+ 34.
Kf2 g5 35. Qc1 gxf4 36. Bxf4 Qxd4+ 37. Kg2 Re2+ 38. Kh3 Qe4 39. Nh2 {Time} 1-0